| 000 | 00504nam a2200217Ia 4500 | ||
|---|---|---|---|
| 003 | 0100 | ||
| 008 | 130303s9999 xx 000 0 und d | ||
| 020 | _a898705940 | ||
| 040 | _cARRUPELIB | ||
| 050 | _aBT431.S75131998 | ||
| 100 | _aSpeyr, Adrienne von | ||
| 245 | 4 | _aThe passion from within | |
| 260 | _aSan Francisco | ||
| 260 | _bIgnatius Press | ||
| 260 | _C1998 | ||
| 300 | _a158 p. | ||
| 300 | _b 19 cm | ||
| 650 | _bEthics -- Interviews | ||
| 700 | _aAdrienne von Speyr | ||
| 942 | 0 | 0 | _01 |
| 999 |
_c8482 _d8482 |
||